Study Guide to Accompany Schiller: The Economy Today (Record no. 447)

MARC details
005 - DATE AND TIME OF LATEST TRANSACTION
control field 20250312102742.0
020 ## - INTERNATIONAL STANDARD BOOK NUMBER
International Standard Book Number 0-07-057804-4
082 ## - DEWEY DECIMAL CLASSIFICATION NUMBER
Classification number 330 ZIE
100 ## - MAIN ENTRY--PERSONAL NAME
Author name ZIEGLER, L. F.
245 ## - TITLE STATEMENT
Title Study Guide to Accompany Schiller: The Economy Today
250 ## - EDITION STATEMENT
Edition statement 7th Ed.
260 ## - PUBLICATION, DISTRIBUTION, ETC.
Place of publication, distribution, etc. New york,
Name of publisher, distributor, etc. Mc Graw-Hill,
Date of publication, distribution, etc. 1980.
300 ## - PHYSICAL DESCRIPTION
Extent 666p.: ill.; figure, table.
Dimensions 28cm.
700 ## - ADDED ENTRY--PERSONAL NAME
Other authors/Editors WILSON, L.
942 ## - ADDED ENTRY ELEMENTS (KOHA)
Source of classification or shelving scheme Dewey Decimal Classification
Koha item type Books
Holdings
Date last seen Total checkouts Full call number Barcode Cost, replacement price Price effective from Koha item type Lost status Source of classification or shelving scheme Damaged status Not for loan Withdrawn status Home library Current library Shelving location Date acquired Cost, normal purchase price
03/12/2025   330 ZIE 0000001784 60000.00 03/12/2025 Books   Dewey Decimal Classification       College of Business Education Main Library College of Business Education Main Library General Collection 03/12/2025 20000.00
03/12/2025   330 ZIE 0000001785 60000.00 03/12/2025 Books   Dewey Decimal Classification       College of Business Education Main Library College of Business Education Main Library General Collection 03/12/2025 20000.00
03/12/2025   330 ZIE 0000001786 60000.00 03/12/2025 Books   Dewey Decimal Classification       College of Business Education Main Library College of Business Education Main Library General Collection 03/12/2025 20000.00
03/12/2025   330 ZIE 0000001787 60000.00 03/12/2025 Books   Dewey Decimal Classification       College of Business Education Main Library College of Business Education Main Library General Collection 03/12/2025 20000.00
03/12/2025   330 ZIE 0000001788 60000.00 03/12/2025 Books   Dewey Decimal Classification       College of Business Education Main Library College of Business Education Main Library General Collection 03/12/2025 20000.00